000 00211 a2200097 4500
001 19606
100 _aTisza L
245 _aGeneralized Thermodynamics
260 _a
_bM I T Press
_c1966
090 _c14292
_d14292
942 _aNUST-CAE
_cM
_c4772
999 _c254679
_d254679